000 00582nam a22002417a 4500
003 UA-OsUOA
001 58131
007 ta
008 20090127b un ||||| |||| 00| 0 ukr d
100 _aПерну Р.
090 _a94(4)
_bП27
942 _cBK
040 _aUA-OsUOA
_brus
_cUA-OsUOA
_dUA-OsUOA
245 _aКрестоносцы
300 _a320 с.
955 _a2
041 _arus
080 _a94(4)
020 _a5-9533-1372-1
260 _aМ.
_bВече
_c2006
650 7 _a9 Географія. Біографії. Історія
_2UDC
999 _c344214
_d344214